00642nam a2200157 4500001000700000003000900007005001700016007000300033008004100036100004100077245019000118260005400308300002100362710007700383852002400460108267ES-MaACL20250802063113.0t|061121s1927 sp r ||||1| spa d1 aMollá Rodrigo, Rafael, d1862-193014aLos tumores del riñón desde el punto de vista de su diagnóstico clínicob: ( discurso de ingreso en la Academia de Ciencias Médicas de la Habana) / cRafael Mollá y Rodrigo. aMadrid : b[s.n], c1927 (fImp. de Julio Rosano) a32 p. ; c25 cm.2 aReal Academia de Ciencias Médicas, Físicas y Naturales de La Habana. aES-MaACLj1710-F-23